Integration and probability.

שמור ב:
מידע ביבליוגרפי
Main Authors: Malliavin, Paul (Author), Airault, Helène (Author), Kay, Leslie (Author), Letac, Gérard (Author)
פורמט: ספר
שפה:אנגלית
יצא לאור: New York, USA: Springer, 1995
סדרה:Graduate Texts in Mathematics,
נושאים:
גישה מקוונת:Disponible Online
תגים: הוספת תג
אין תגיות, היה/י הראשונ/ה לתייג את הרשומה!

MARC

LEADER 00000cam a2200000 a 4500
001 UCD8944
003 CL-VaPUC
005 20230801095646.0
008 170527e19950000us |||||||||||||||||eng|d
999 |c 368250  |d 368248 
020 |a 0387944095 
020 |a 9780387944098 
040 |c Pontificia Universidad Católica de Valparaíso 
082 0 4 |a 515.4 MAL 1995  |2 21 
100 |a Malliavin, Paul  |e author  |9 592559 
245 1 0 |a Integration and probability. 
260 |a New York, USA:  |b Springer,   |c 1995 
300 |a 318 páginas  
440 |a Graduate Texts in Mathematics,   |n  157  |9 860794 
583 |a last modification  |c 20170527 00:32:00  |k Rodrigo Vera 
650 0 |a Teoría espectral (Matemáticas)  |9 262097 
650 0 |a Integración   |9 316470 
650 0 |a Probabilidad  |9 349606 
650 0 |a Cálculo integral  |9 260103 
650 0 |a Análisis de Fourier  |9 260464 
700 0 |a Airault, Helène  |e author  |9 592560 
700 0 |a Kay, Leslie  |e author  |9 592561 
700 0 |a Letac, Gérard  |e author  |9 592562 
856 |u http://bibliografiadigital.pucv.cl.pucv.idm.oclc.org/index.php/bibliotecapucv/catalog/book/376  |y Disponible Online  
942 |c BK  |2 ddc 
945 |d 20170527 00:32:00  |a arojas 
952 |0 0  |1 0  |2 ddc  |3 erd  |4 0  |6 515_400000000000000_MAL_1995  |7 0  |8 A  |9 483529  |a BIBMAT  |b BIBMAT  |c GEN  |i 5378176  |l 27  |m 5  |o 515.4 MAL 1995  |p 5378176  |q 2025-05-16  |r 2025-04-16  |s 2025-04-16  |t 1  |w 2019-11-24  |y BK  |z Catalogado en:20170527  |k MAT 
952 |0 0  |1 0  |2 ddc  |4 0  |6 515_400000000000000_MAL_1995  |7 0  |8 A  |9 582537  |a BIBMAT  |b BIBMAT  |c GEN  |d 2022-04-08  |e 74  |g 96987.00  |i 5650580  |l 15  |m 5  |o 515.4 MAL 1995  |p 5650580  |q 2025-05-30  |r 2025-04-30  |s 2025-04-30  |t 2  |v 96987.00  |w 2022-04-08  |y BK  |k MAT